000 00741nam a2200181Ia 4500
008 220216s9999 xx 000 0 und d
100 _aGireesh T
245 0 _aPerformance of ortet clones of Hevea brasiliensis in Dakshina Kannada
260 _bPLACROSYM XXII. 22nd Biennial Symposium on Plantation Crops: Leveraging Innovation System in Plantation Sector Through Value Addition, 15-17 December 2016, Indian Council of Agricultural Research-Central Plantation Crops Research Institute, Kasaragod, India. Abstracts. p.58.
650 _aDakshina Kannada
650 _aHevea brasiliensis
650 _aOrtet clones
700 _aChandrasekhar T R
700 _aManju M J
700 _aMydin K K
700 _aNazeer M A
942 _cBS
999 _c49263
_d49263